Представление документа в формате RUSMARC

ПолеНазваниеЗначение
  Тип записи a
  Библиографический уровень a
001 Контрольный номер RU/CBS_UL/BASE/6aeb404d9a9c4092a90b268272561d75
005 Дата корректировки 20260312165936.2
100 Данные общей обработки __
a Данные общей обработки 20260312 ||| 0rusy0189 ca
101 Язык документа 0_
a Язык текста rus
102 Страна публикации __
a Страна публикации RU
200 Заглавие и сведения об ответственности 1_
a Заглавие Злой рок "Антея"
e Сведения, относящиеся к заглавию [авиационные катастрофы с участием самолёта Ан-22 "Антей"]
f Первые сведения об ответственности А. Логинов
300 Общие примечания __
a Общие примечания 16+
461 Уровень набора _0
1 2000
a Тайны СССР
463 Уровень физической единицы _0
1 2000
a № 3
v С. 10-11 : фото
1 2101
d 2026
1 001RU/CBS_UL/BASE/5aca11eee4bb4e4e94793d6071dec1b4
606 Тематические рубрики 0_
a Основная рубрика Ан-22 "Антей", военно-транспортные самолёты
610 Ключевые слова 0_
a Ключевые слова самолёты
610 Ключевые слова 0_
a Ключевые слова советские самолёты
610 Ключевые слова 0_
a Ключевые слова самолёты советские
610 Ключевые слова 0_
a Ключевые слова самолёты-гиганты
610 Ключевые слова 0_
a Ключевые слова военно-транспортные самолёты
610 Ключевые слова 0_
a Ключевые слова самолёты военно-транспортные
610 Ключевые слова 0_
a Ключевые слова авиационные катастрофы
610 Ключевые слова 0_
a Ключевые слова катастрофы авиационные
610 Ключевые слова 0_
a Ключевые слова авиакатастрофы
610 Ключевые слова 0_
a Ключевые слова авиакатастрофы в СССР
686 Индексы других классификаций __
2 Код системы rubbk
a Классификационный индекс 39.5г
700 Автор _1
a Фамилия Логинов
b Имя (инициалы) А.
801 Источник записи _0
a Страна RU
b Организация МБУК ЦБС г. Ульяновска
c Дата составления 20260312
g Правила каталогизации RCR
801 Источник записи _1
a Страна RU
b Организация МБУК ЦБС г. Ульяновска
c Дата составления 20260312
g Правила каталогизации RCR
901 Тип документа __
t Тип документа b
w Контрольный № источника RU/CBS_UL/BASE/5aca11eee4bb4e4e94793d6071dec1b4
909 Создатель записи __
a Создатель записи lib2